Inovácia služieb hra Milk Run = vysoké úspory

Simulačná hra MILK RUN získala ocenenie Ministerstva hospodárstva SR, inovatívny čin roka v kategórii inovácia služieb. Nástroj pre vizualizáciu akéhokoľvek logistického procesu. Výhody Milk-Run v zásobovaní podniku.

Guardado en:
Detalles Bibliográficos
Autor principal: Kupka, Marián
Formato: Capítulo de libro
Lenguaje:eslovaco
Materias:
Etiquetas: Agregar Etiqueta
Sin Etiquetas, Sea el primero en etiquetar este registro!

MARC

LEADER 00000naa a2200000 4500
001 0119179
005 20220729111609.1
041 0 |a slo 
044 |a SK 
245 1 0 |a Inovácia služieb hra Milk Run = vysoké úspory  |c Marián Kupka 
520 |a Simulačná hra MILK RUN získala ocenenie Ministerstva hospodárstva SR, inovatívny čin roka v kategórii inovácia služieb. Nástroj pre vizualizáciu akéhokoľvek logistického procesu. Výhody Milk-Run v zásobovaní podniku. 
610 2 0 |a inovácia 
610 2 0 |a služby 
610 2 0 |a logistika podniková 
610 2 0 |a inžinierstvo systémové 
610 2 0 |a optimalizácia zásob 
610 2 0 |a teória obsluhy hromadnej 
610 2 0 |a simulácia 
610 2 0 |a modelovanie 
610 2 0 |a metódy optimalizačné 
610 2 0 |a modely simulačné 
100 1 |a Kupka, Marián